The Blackwell guide to research methods in bilingualism and multilingualism /
Enregistré dans:
| Auteur principal: | |
|---|---|
| Autres auteurs: | , |
| Format: | Article |
| Langue: | English |
| Sujets: | |
| Tags: |
Ajouter un tag
Pas de tags, Soyez le premier à ajouter un tag!
|
| Thư viện lưu trữ: | Thư viện Trường Đại học Đà Lạt |
|---|
| LEADER | 00906nam a2200301 4500 | ||
|---|---|---|---|
| 001 | DLU110129536 | ||
| 005 | ##20111223 | ||
| 040 | # | # | |a DLU |b eng |
| 041 | # | # | |a eng |
| 044 | # | # | |a uk |
| 100 | # | # | |a Sydorenko, Tetyana. |
| 245 | # | # | |a The Blackwell guide to research methods in bilingualism and multilingualism / |c Tetyana Sydorenko, Li Wei, Melissa G. Moyer. |
| 653 | # | # | |a Bilingualism |
| 653 | # | # | |a Books |
| 653 | # | # | |a Linguistics |
| 653 | # | # | |a Multilingualism |
| 700 | # | # | |a Melissa G. |
| 700 | # | # | |a Wei, Li Moyer, |
| 773 | # | # | |t Studies in Second Language Acquisition |g Vol. 31, no. 4 (December 2009), p. 641-642 |
| 920 | # | # | |a Phòng Tạp chí -- Trung tâm Thông tin - Thư viện Trường Đại học Đà Lạt |
| 994 | # | # | |a DLU |
| 900 | # | # | |a True |
| 911 | # | # | |a Trương Bảo Trâm Anh |
| 925 | # | # | |a G |
| 926 | # | # | |a A |
| 927 | # | # | |a BB |
| 980 | # | # | |a Thư viện Trường Đại học Đà Lạt |